|
|
|
|
| LEADER |
00000naa2a2200000 4500 |
| 001 |
198507 |
| 005 |
20231031184013.0 |
| 035 |
|
|
|a (RuTPU)RU\TPU\book\216506
|
| 090 |
|
|
|a 198507
|
| 100 |
|
|
|a 20110630d2009 k y0rusy50 ca
|
| 101 |
0 |
|
|a rus
|
| 102 |
|
|
|a RU
|
| 200 |
1 |
|
|a Модернизация электропривода главного движения зубофрезерного станка 5М324А
|f К. И. Гиеситдинова
|g науч. рук. С. Б. Ланграф
|
| 320 |
|
|
|a Библиогр.: 3 назв.
|
| 461 |
|
1 |
|0 (RuTPU)RU\TPU\book\209139
|t Электротехника, электромеханика и электротехнологии
|o труды IX региональной научно-практической студенческой конференции, 2-5 июня 2009 г., Томск
|f Томский политехнический университет (ТПУ), Электротехнический институт (ЭЛТИ)
|d 2009
|
| 463 |
|
0 |
|0 (RuTPU)RU\TPU\book\208722
|t Т. 2: Секция 3-7. Электропривод. Автоматизация технологических процессов
|v С. 179-181
|d 2009
|p 256 с.
|
| 610 |
1 |
|
|a электроприводы
|
| 610 |
1 |
|
|a главное движение
|
| 610 |
1 |
|
|a модернизация
|
| 610 |
1 |
|
|a зубофрезерные станки
|
| 610 |
1 |
|
|a автоматизированные электроприводы
|
| 610 |
1 |
|
|a труды учёных ТПУ
|
| 700 |
|
1 |
|a Гиеситдинова
|b К. И.
|
| 702 |
|
1 |
|a Ланграф
|b С. Б.
|4 727
|
| 801 |
|
1 |
|a RU
|b 63413507
|c 20110630
|
| 801 |
|
2 |
|a RU
|b 63413507
|c 20111124
|g RCR
|
| 942 |
|
|
|c BK
|